| 000 | 00898nam a2200217 a 4500 | ||
|---|---|---|---|
| 001 | 000026903 | ||
| 005 | 20200930030459.0 | ||
| 008 | 110328s1993 dr a 000 0 spa d | ||
| 040 |
_aDO-SdBNP _bspa _cBNPHU |
||
| 082 |
_a657.092 _bI59c |
||
| 110 | 1 |
_aInstituto de Contadores Públicos Autorizados de la República Dominicana. _97118 |
|
| 245 | 1 | 0 | _aDirectorio profesional : 1993-1994. |
| 260 |
_aSanto Domingo : _bMicro-Gráfica, _c1993. |
||
| 300 |
_a244 p. : _bil. ; _c21 p. |
||
| 505 | 0 |
_tDirectorio de miembros -- _tDirectorio de firmas -- _tLey 633 sobre Contadores Públicos -- _tDecreto 2032, Reglamento interior del ICPARD-- _tCódigo de ética profesional. |
|
| 590 | _aInventariado, 2018/ YL | ||
| 650 | 4 |
_aContadores _xDirectorios _954009 |
|
| 650 | 4 |
_aContadores _xSituación legal _954010 |
|
| 650 | 4 |
_aContadores _xÉtica profesional _954011 |
|
| 910 | _aValidado. Control de calidad EMS. | ||
| 999 |
_c26395 _d26395 |
||